LIBRARY & INFORMATION CENTRE, KCAET, TAVANUR

ONLINE PUBLIC ACCESS CATALOGUE (OPAC)

Milk the Most Perfect Food (Record no. 14294)

MARC details
000 -LEADER
fixed length control field 00270nam a22001217a 4500
020 ## - INTERNATIONAL STANDARD BOOK NUMBER
ISBN 8176221791
082 ## - DEWEY DECIMAL CLASSIFICATION NUMBER
Classification number 637.1
Item number GOD/MI
100 ## - MAIN ENTRY--AUTHOR NAME
Personal name Godbole,N.N
245 ## - TITLE STATEMENT
Title Milk the Most Perfect Food
260 ## - PUBLICATION, DISTRIBUTION, ETC. (IMPRINT)
Place of publication Delhi
Name of publisher Biotech Books
Year of publication 2013
300 ## - PHYSICAL DESCRIPTION
Number of Pages 139
942 ## - ADDED ENTRY ELEMENTS (KOHA)
Koha item type Books
Holdings
Withdrawn status Lost status Damaged status Collection code Home library Current library Shelving location Date acquired Source of acquisition Cost, normal purchase price Full call number Accession Number Koha item type
        KAUAET KAUAET General Stacks 14/06/2016 Universal Research Books, Thrissur 600.00 637.1 GOD/MI 24301 Books
free website counter